| 000 | 00551nam a2200169 a 4500 | ||
|---|---|---|---|
| 001 | 000025851 | ||
| 005 | 20200930024111.0 | ||
| 008 | 110223s1963 ag r 000 0 spa d | ||
| 040 |
_aDO-SdBNP _bspa _cBNPHU |
||
| 082 |
_aNNN _bS642d |
||
| 100 | 1 |
_aSmith, Hannah Whitall, _d1832-1911. _952685 |
|
| 245 | 1 | 0 |
_aEl Dios de toda consolación / _cHannah Whitall Smith ; versión castellana por Adolfo Robleto. |
| 260 |
_aBuenos Aires, (Argentina) : _bCasa Bautista, _c1963. |
||
| 300 |
_a69 p. ; _c19 cm. |
||
| 700 | 1 |
_aRobleto, Adolfo _946938 |
|
| 049 | _aBNGR | ||
| 999 |
_c25343 _d25343 |
||